Place Names That End in -IA - Statistics

General Stats
  • This quiz has been taken 125 times
    67 since last reset
  • The average score is 47 of 111
Answer Stats
Answer % Correct
Australia
83%
Algeria
80%
Albania
75%
Asia
75%
Austria
75%
India
75%
Russia
75%
Slovakia
75%
Croatia
73%
Georgia (country)
73%
Georgia (state)
73%
Latvia
73%
Namibia
73%
Cambodia
70%
Colombia
70%
Estonia
70%
Ethiopia
70%
Fed. States of Micronesia
70%
Indonesia
70%
Lithuania
70%
Micronesia (Region)
70%
Somalia
70%
Bulgaria
68%
California
68%
Gulf of California
68%
Nigeria
68%
Romania
68%
Serbia
68%
Syria
68%
Bosnia
65%
Slovenia
65%
Tanzania
65%
Zambia
65%
Armenia
63%
Bolivia
63%
Gambia
63%
Malaysia
63%
Saudi Arabia
63%
Tunisia
63%
Liberia
60%
Mongolia
60%
Saint Lucia
60%
Virginia
60%
Czechia
58%
Macedonia
58%
Mauritania
58%
Oceania
53%
West Virginia
53%
Pennsylvania
48%
Polynesia
45%
Philadelphia
43%
Lake Victoria
40%
Siberia
40%
Victoria, Australia
40%
Victoria, BC
40%
Victoria, Seychelles
40%
Alexandria
38%
Arabia
38%
Brasilia
38%
Melanesia
38%
British Columbia
35%
Columbia, SC
35%
Sardinia
35%
Scandinavia
33%
Catalonia
30%
Bavaria
28%
Nicosia
28%
Persia
28%
Pretoria
28%
Tasmania
28%
Transylvania
28%
Apia
25%
Bohemia
25%
Monrovia
25%
Nova Scotia
25%
Patagonia
25%
Prussia
25%
Sofia
25%
Valencia
25%
Dalmatia
23%
Olympia
23%
Anatolia
20%
Appalachia
18%
Calabria
18%
Inner Mongolia
18%
Mesopotamia
18%
Moravia
18%
Praia
18%
Baja California
15%
Galicia (Poland)
15%
Galicia (Spain)
15%
Wallonia
15%
Abkhazia
13%
Manchuria
13%
Transnistria
13%
Umbria
13%
Wallachia
13%
Andalusia
10%
Catania
10%
District of Columbia
10%
Liguria
10%
Murcia
10%
Silesia
10%
South Ossetia
10%
Apulia
8%
French Polynesia
8%
Friuli-Venezia-Giulia
8%
Campania
5%
Karelia
5%
Styria
5%
Istria
3%
No matching quizzes found
Score Distribution
Percent of People with Each Score
Percentile by Number Answered
Your Score History
You have not taken this quiz since the last reset